000 00723cam a2200133 4500500
005 20250921001514.0
041 _afre
042 _adc
100 1 0 _aPaul, Jean-Jacques
_eauthor
245 0 0 _aLa relation formation-emploi : Un défi pour l'économie
260 _bEconomica,
_c1988.
520 _aCette édition numérique a été réalisée à partir d’un support physique, parfois ancien, conservé au sein du dépôt légal de la Bibliothèque nationale de France, conformément à la loi n° 2012-287 du 1er mars 2012 relative à l’exploitation des Livres indisponibles du XXe siècle.
856 4 1 _uhttps://shs.cairn.info/la-relation-formation-emploi--9782717814958?lang=fr&redirect-ssocas=7080
999 _c1505404
_d1505404